00545nam a22001697a 450000500170000001000270001702000270004403500250007103700130009608200130010910000170012224500720013926000470021127000550025830000220031350000400033520230228152421.0 aENG-110611 ENG-136270 a9789350532454c850.00  aEN-94143 EN-119802 bDBAD/PUB a346.5402 aPandya, O.P. aIndian Contract Act 1872 :cby O.P. Pandyabissues and challenges / aNew Delhi bCyber Tech Publications c2013 bNew Delhi a4264/3, Ansari Road, Daryaganje110002 av,248p.c23cm(Hb) aIncludes bibliographical references